000 00540nam a2200181Ia 4500
008 090124s9999 xx 000 0 und d
082 _b116267
100 _aआठवले सदाशिव
245 _a पिशाच्च सुंदरी
250 _a1
260 _c1975
300 _a174
600 _aआठवले सदाशिव
630 _a पिशाच्च सुंदरी
700 _aआठवले सदाशिव
730 _a पिशाच्च सुंदरी
942 _cBOOK
999 _c162358
_d162358